<?xml version="1.0" encoding="UTF-8"?>
<record
    xmlns:xsi="http://www.w3.org/2001/XMLSchema-instance"
    xsi:schemaLocation="http://www.loc.gov/MARC21/slim http://www.loc.gov/standards/marcxml/schema/MARC21slim.xsd"
    xmlns="http://www.loc.gov/MARC21/slim">

  <leader>00679nam a2200241Ia 4500</leader>
  <controlfield tag="003">GCL</controlfield>
  <controlfield tag="008">140319s9999    xx            000 0 aFre d</controlfield>
  <datafield tag="020" ind1=" " ind2=" ">
    <subfield code="a">1815715239</subfield>
  </datafield>
  <datafield tag="040" ind1=" " ind2=" ">
    <subfield code="a">GCL / </subfield>
    <subfield code="c">GCL</subfield>
  </datafield>
  <datafield tag="082" ind1="0" ind2="4">
    <subfield code="a">843</subfield>
    <subfield code="b">H L</subfield>
  </datafield>
  <datafield tag="100" ind1="1" ind2=" ">
    <subfield code="a">HUGO, VICTOR</subfield>
  </datafield>
  <datafield tag="245" ind1="1" ind2="0">
    <subfield code="a">LES MISERABLES / </subfield>
    <subfield code="c">HUGO, VICTOR</subfield>
  </datafield>
  <datafield tag="700" ind1="1" ind2=" ">
    <subfield code="a">WASHINGTON, PETER</subfield>
  </datafield>
  <datafield tag="700" ind1="1" ind2=" ">
    <subfield code="a">WILBOUR, CHASRLES E.</subfield>
  </datafield>
  <datafield tag="260" ind1=" " ind2=" ">
    <subfield code="a">&#x627;&#x646;&#x62C;&#x644;&#x62A;&#x631;&#x627; : </subfield>
    <subfield code="b">EVERYMAN'S LIBRARY &#x60C; </subfield>
    <subfield code="c">1998</subfield>
  </datafield>
  <datafield tag="300" ind1=" " ind2=" ">
    <subfield code="a">21 CM &#x61B; </subfield>
    <subfield code="c">XXXVII, 1423 P</subfield>
  </datafield>
  <datafield tag="490" ind1=" " ind2=" ">
    <subfield code="a">THE MILLENNIUM LIBRARY</subfield>
    <subfield code="v">239</subfield>
  </datafield>
  <datafield tag="650" ind1="0" ind2="4">
    <subfield code="a">LITERATURE</subfield>
  </datafield>
  <datafield tag="650" ind1="0" ind2="4">
    <subfield code="a">FRENCH FICTION</subfield>
  </datafield>
  <datafield tag="650" ind1="0" ind2="4">
    <subfield code="a">FRENCH LITERATURE</subfield>
  </datafield>
  <datafield tag="650" ind1="0" ind2="4">
    <subfield code="a">FRENCH LITERATURE - TRANSLATIONS INTO ENGLISH</subfield>
  </datafield>
  <datafield tag="942" ind1=" " ind2=" ">
    <subfield code="2">ddc</subfield>
    <subfield code="c">BK</subfield>
  </datafield>
  <datafield tag="999" ind1=" " ind2=" ">
    <subfield code="c">5943</subfield>
    <subfield code="d">5943</subfield>
  </datafield>
  <datafield tag="952" ind1=" " ind2=" ">
    <subfield code="0">0</subfield>
    <subfield code="1">0</subfield>
    <subfield code="4">0</subfield>
    <subfield code="7">0</subfield>
    <subfield code="a">CAI</subfield>
    <subfield code="b">CAI</subfield>
    <subfield code="d">2014-03-26</subfield>
    <subfield code="l">0</subfield>
    <subfield code="o">843\H L</subfield>
    <subfield code="p">12515</subfield>
    <subfield code="r">2014-03-26 00:00:00</subfield>
    <subfield code="w">2014-03-26</subfield>
    <subfield code="y">BK</subfield>
  </datafield>
  <datafield tag="952" ind1=" " ind2=" ">
    <subfield code="0">0</subfield>
    <subfield code="1">0</subfield>
    <subfield code="4">0</subfield>
    <subfield code="7">0</subfield>
    <subfield code="a">CAI</subfield>
    <subfield code="b">CAI</subfield>
    <subfield code="d">2014-03-26</subfield>
    <subfield code="l">0</subfield>
    <subfield code="o">843\H L</subfield>
    <subfield code="p">12516</subfield>
    <subfield code="r">2014-03-26 00:00:00</subfield>
    <subfield code="w">2014-03-26</subfield>
    <subfield code="y">BK</subfield>
  </datafield>
</record>
